01048nam a22002777a 450000500170000000800410001702000180005804000130007608200200008910000320010924500880014125000440022926000660027330000330033949000200037250000230039250000240041550400410043965000330048065300250051365500240053870000300056294200200059299900170061295201410062920141111134552.0141111t2014 xxka frbd 001 0 eng d a9781292042169 aEG-ScBUE00222a001.42bGRA1 aGraziano, Anthony M.93649210aResearch methods :ba process of inquiry /cAnthony M. Graziano, Michael L. Raulin. a8th ed.,bPearson new international ed. aHarlow, United Kingdom :bPearson Education Limited,cc.2014. all, 425 p. :bill. ;c28 cm.0 aAlways learning aIncludes glossary. aIndex : p. 417-425. aIncludes bibliographical references. 0927690aResearchxMethodology bBUSADMcNovember2014 vreading book9342321 aRaulin, Michael L.936493 2ddck001.42 GRA c18599d18571 00102ddc40708BaccahaMAINbMAINcLOWd2014-11-11epurchaseg260.00h20677l0o001.42 GRAp000036979r2025-07-15 00:00:00v325.00yBB